<?xml version="1.0" encoding="UTF-8"?>
<collection xmlns="http://www.loc.gov/MARC21/slim">
 <record>
  <leader>01133pamaa2200205   4500</leader>
  <controlfield tag="001">0000047002</controlfield>
  <controlfield tag="005">20121206090000.0</controlfield>
  <controlfield tag="008">100428                             eng  </controlfield>
  <datafield tag="020" ind1="0" ind2="0">
   <subfield code="a">9780691128955 </subfield>
  </datafield>
  <datafield tag="090" ind1="0" ind2="0">
   <subfield code="a">QA99 </subfield>
   <subfield code="b">ADA 2009</subfield>
  </datafield>
  <datafield tag="100" ind1="1" ind2="0">
   <subfield code="a">Adam </subfield>
  </datafield>
  <datafield tag="245" ind1="1" ind2="2">
   <subfield code="a">A mathematical nature walk  </subfield>
   <subfield code="c">John A. Adam.</subfield>
  </datafield>
  <datafield tag="260" ind1="0" ind2="0">
   <subfield code="a">Princeton: </subfield>
   <subfield code="b">Princeton University Press, </subfield>
   <subfield code="c">2009.</subfield>
  </datafield>
  <datafield tag="300" ind1=" " ind2=" ">
   <subfield code="a">xx, 248 p., [8] p. of plates: </subfield>
   <subfield code="b">ill. (some col.); </subfield>
   <subfield code="c">25 cm.</subfield>
  </datafield>
  <datafield tag="501" ind1="0" ind2="0">
   <subfield code="a">FAS</subfield>
  </datafield>
  <datafield tag="504" ind1="0" ind2="0">
   <subfield code="a">Includes bibliographical references (p.[243]-246) and index</subfield>
  </datafield>
  <datafield tag="505" ind1="0" ind2="0">
   <subfield code="a">Introduction -- At the beginning... -- In the &quot;playground&quot; -- In the garden -- In the neighborhood -- In the shadows -- In the sky -- In the nest -- In (or on) the water -- In the forest -- In the national park -- In the night sky -- At the end... -- Appendix 1: A very short glossary of mathematical terms and functions -- Appendix 2: Answers to questions 1-15 -- Appendix 3: Newton's law of cooling -- Appendix 4: More mathematical patterns in nature</subfield>
  </datafield>
  <datafield tag="650" ind1="0" ind2="0">
   <subfield code="a">Mathematics in nature -- </subfield>
   <subfield code="x">Miscellanea </subfield>
  </datafield>
  <datafield tag="650" ind1="0" ind2="0">
   <subfield code="a">Mathematical analysis -- </subfield>
   <subfield code="x">Miscellanea </subfield>
  </datafield>
  <datafield tag="901" ind1=" " ind2=" ">
   <subfield code="u">www.press.princeton.edu</subfield>
  </datafield>
 </record>
</collection>
